<?xml version="1.0" encoding="UTF-8"?>
<record
    xmlns:xsi="http://www.w3.org/2001/XMLSchema-instance"
    xsi:schemaLocation="http://www.loc.gov/MARC21/slim http://www.loc.gov/standards/marcxml/schema/MARC21slim.xsd"
    xmlns="http://www.loc.gov/MARC21/slim">

  <leader>01844nam a2200361 a 4500</leader>
  <controlfield tag="001"> </controlfield>
  <controlfield tag="003">OSt</controlfield>
  <controlfield tag="005">20250621074009.0</controlfield>
  <controlfield tag="008">090707s2020  dr c          001 0 spa d</controlfield>
  <datafield tag="020" ind1=" " ind2=" ">
    <subfield code="a">9789945613391</subfield>
  </datafield>
  <datafield tag="040" ind1=" " ind2=" ">
    <subfield code="a">DO-SdBNP</subfield>
    <subfield code="b">spa</subfield>
    <subfield code="c">BNPHU</subfield>
  </datafield>
  <datafield tag="049" ind1=" " ind2=" ">
    <subfield code="a">  </subfield>
  </datafield>
  <datafield tag="082" ind1=" " ind2="4">
    <subfield code="a">972.93054</subfield>
    <subfield code="b">S942m</subfield>
    <subfield code="2">22</subfield>
  </datafield>
  <datafield tag="240" ind1=" " ind2=" ">
    <subfield code="a">The events of 1965  in the Dominican Republic. Documents from the United Kingdom&#xB4;s National Archives</subfield>
    <subfield code="l">Espa&#xF1;ol</subfield>
  </datafield>
  <datafield tag="245" ind1="1" ind2="0">
    <subfield code="a">Los sucesos entre 1965 en Rep&#xFA;blica Dominicana Seg&#xFA;n los archivos ingleses : </subfield>
    <subfield code="b">documentos de los archivos nacionales del Reino Unido / </subfield>
    <subfield code="c">presentaci&#xF3;n Steven Fisher  ; traducci&#xF3;n Lisa Marra; edici&#xF3;n Kary Alba Rocha </subfield>
  </datafield>
  <datafield tag="260" ind1=" " ind2=" ">
    <subfield code="a">Santo Domingo :</subfield>
    <subfield code="b">Archivo General de la Naci&#xF3;n ;</subfield>
    <subfield code="b">Sociedad Dominicana de Bibli&#xF3;filos,</subfield>
    <subfield code="c">2020</subfield>
  </datafield>
  <datafield tag="300" ind1=" " ind2=" ">
    <subfield code="a">434 p. ;</subfield>
    <subfield code="c">23 cm.</subfield>
  </datafield>
  <datafield tag="490" ind1="1" ind2=" ">
    <subfield code="a">Archivo General de la Naci&#xF3;n, </subfield>
    <subfield code="v">375</subfield>
  </datafield>
  <datafield tag="490" ind1="1" ind2=" ">
    <subfield code="a">Sociedad Dominicana de Bibli&#xF3;filos </subfield>
    <subfield code="v">37</subfield>
  </datafield>
  <datafield tag="500" ind1=" " ind2=" ">
    <subfield code="a">Incluye referencias bibliogr&#xE1;ficas y  notas al pie de las p&#xE1;ginas</subfield>
  </datafield>
  <datafield tag="500" ind1=" " ind2=" ">
    <subfield code="a">Incluye &#xED;ndice onom&#xE1;stico</subfield>
  </datafield>
  <datafield tag="505" ind1="0" ind2=" ">
    <subfield code="a">Introducci&#xF3;n a la primera edici&#xF3;n en espa&#xF1;ol /</subfield>
    <subfield code="r">Bernardo Vega</subfield>
    <subfield code="t">Pr&#xF3;logo I a la Presentaci&#xF3;n a la primera edici&#xF3;n en ingl&#xE9;s /</subfield>
    <subfield code="r">Steven Fischer </subfield>
    <subfield code="t">Pr&#xF3;logo II a la primera edici&#xF3;n en ingl&#xE9;s /</subfield>
    <subfield code="r">Chris Campbell</subfield>
    <subfield code="t">Documentos de los archivos nacionales del Reino Unido</subfield>
  </datafield>
  <datafield tag="590" ind1=" " ind2=" ">
    <subfield code="a">Inventariado, 2020/VM</subfield>
  </datafield>
  <datafield tag="651" ind1=" " ind2="4">
    <subfield code="a">Rep&#xFA;blica Dominicana</subfield>
    <subfield code="x">Historia</subfield>
    <subfield code="y">1965</subfield>
    <subfield code="9">10221</subfield>
    <subfield code="v">Fuentes</subfield>
  </datafield>
  <datafield tag="651" ind1=" " ind2="0">
    <subfield code="a">Rep&#xFA;blica Dominicana</subfield>
    <subfield code="x">Pol&#xED;tica y gobierno</subfield>
    <subfield code="9">45</subfield>
  </datafield>
  <datafield tag="700" ind1=" " ind2=" ">
    <subfield code="a"> Fisher, Steven</subfield>
    <subfield code="e">presentaci&#xF3;n </subfield>
    <subfield code="9">77795</subfield>
  </datafield>
  <datafield tag="700" ind1=" " ind2=" ">
    <subfield code="a">Marra, Lisa  </subfield>
    <subfield code="e">tr. </subfield>
    <subfield code="9">77796</subfield>
  </datafield>
  <datafield tag="700" ind1=" " ind2=" ">
    <subfield code="a">Rocha, Kary Alba  </subfield>
    <subfield code="e">ed. </subfield>
    <subfield code="9">77797</subfield>
  </datafield>
  <datafield tag="710" ind1="2" ind2=" ">
    <subfield code="a">Sociedad Dominicana de Bibli&#xF3;filos </subfield>
    <subfield code="9">73174</subfield>
  </datafield>
  <datafield tag="830" ind1=" " ind2=" ">
    <subfield code="a">Archivo General de la Naci&#xF3;n, </subfield>
    <subfield code="n">375</subfield>
    <subfield code="p">Sociedad Dominicana de Bibli&#xF3;filos </subfield>
    <subfield code="n">37</subfield>
    <subfield code="9">77799</subfield>
  </datafield>
  <datafield tag="910" ind1=" " ind2=" ">
    <subfield code="a">VMateo</subfield>
  </datafield>
  <datafield tag="942" ind1=" " ind2=" ">
    <subfield code="2">ddc</subfield>
    <subfield code="c">LBS1</subfield>
  </datafield>
  <datafield tag="952" ind1=" " ind2=" ">
    <subfield code="0">0</subfield>
    <subfield code="1">0</subfield>
    <subfield code="2">ddc</subfield>
    <subfield code="5">1</subfield>
    <subfield code="7">1</subfield>
    <subfield code="8">MO</subfield>
    <subfield code="a">BNPHU</subfield>
    <subfield code="b">PD</subfield>
    <subfield code="c">HD</subfield>
    <subfield code="d">2021-02-16</subfield>
    <subfield code="e">Editora B&#xFA;ho </subfield>
    <subfield code="l">0</subfield>
    <subfield code="o">BNPHU PD 972.93054 S942m</subfield>
    <subfield code="p">2021-0218</subfield>
    <subfield code="r">2021-02-16</subfield>
    <subfield code="w">2021-02-16</subfield>
    <subfield code="y">LBS1</subfield>
  </datafield>
  <datafield tag="952" ind1=" " ind2=" ">
    <subfield code="0">0</subfield>
    <subfield code="1">0</subfield>
    <subfield code="2">ddc</subfield>
    <subfield code="5">1</subfield>
    <subfield code="7">2</subfield>
    <subfield code="8">MO</subfield>
    <subfield code="a">BNPHU</subfield>
    <subfield code="b">PD</subfield>
    <subfield code="c">HD</subfield>
    <subfield code="d">2021-02-16</subfield>
    <subfield code="e">Editora B&#xFA;ho </subfield>
    <subfield code="l">0</subfield>
    <subfield code="o">BNPHU PD 972.93054 S942m</subfield>
    <subfield code="p">2021-0219</subfield>
    <subfield code="r">2021-02-16</subfield>
    <subfield code="t">e.2</subfield>
    <subfield code="w">2021-02-16</subfield>
    <subfield code="y">LBS1</subfield>
  </datafield>
  <datafield tag="952" ind1=" " ind2=" ">
    <subfield code="0">0</subfield>
    <subfield code="1">0</subfield>
    <subfield code="2">ddc</subfield>
    <subfield code="5">6</subfield>
    <subfield code="7">0</subfield>
    <subfield code="8">MO</subfield>
    <subfield code="a">BNPHU</subfield>
    <subfield code="b">GR</subfield>
    <subfield code="c">HD</subfield>
    <subfield code="d">2021-02-16</subfield>
    <subfield code="e">Editora B&#xFA;ho </subfield>
    <subfield code="l">0</subfield>
    <subfield code="o">BNPHU DS 972.93054 S942m</subfield>
    <subfield code="p">2021-0220</subfield>
    <subfield code="r">2021-02-16</subfield>
    <subfield code="t">e.3</subfield>
    <subfield code="w">2021-02-16</subfield>
    <subfield code="y">LBS1</subfield>
  </datafield>
  <datafield tag="952" ind1=" " ind2=" ">
    <subfield code="0">0</subfield>
    <subfield code="1">0</subfield>
    <subfield code="2">ddc</subfield>
    <subfield code="5">6</subfield>
    <subfield code="7">0</subfield>
    <subfield code="8">MO</subfield>
    <subfield code="a">BNPHU</subfield>
    <subfield code="b">GR</subfield>
    <subfield code="c">HD</subfield>
    <subfield code="d">2021-02-16</subfield>
    <subfield code="e">Editora B&#xFA;ho </subfield>
    <subfield code="l">0</subfield>
    <subfield code="o">BNPHU DS 972.93054 S942m</subfield>
    <subfield code="p">2021-0221</subfield>
    <subfield code="r">2021-02-16</subfield>
    <subfield code="t">e.4</subfield>
    <subfield code="w">2021-02-16</subfield>
    <subfield code="y">LBS1</subfield>
  </datafield>
  <datafield tag="952" ind1=" " ind2=" ">
    <subfield code="0">0</subfield>
    <subfield code="1">0</subfield>
    <subfield code="2">ddc</subfield>
    <subfield code="5">6</subfield>
    <subfield code="7">0</subfield>
    <subfield code="8">MO</subfield>
    <subfield code="a">BNPHU</subfield>
    <subfield code="b">GR</subfield>
    <subfield code="c">HD</subfield>
    <subfield code="d">2021-02-16</subfield>
    <subfield code="e">Editora B&#xFA;ho </subfield>
    <subfield code="l">0</subfield>
    <subfield code="o">BNPHU DS 972.93054 S942m</subfield>
    <subfield code="p">2021-0222</subfield>
    <subfield code="r">2021-02-16</subfield>
    <subfield code="t">e.5</subfield>
    <subfield code="w">2021-02-16</subfield>
    <subfield code="y">LBS1</subfield>
  </datafield>
  <datafield tag="999" ind1=" " ind2=" ">
    <subfield code="c">49386</subfield>
    <subfield code="d">49386</subfield>
  </datafield>
</record>
